Pet Owning Countries - Statistics

General Stats
  • This quiz has been taken 295 times
  • The average score is 12 of 17
Answer Stats
Pet ownership in % Answer % Correct
Cat owning countries 39 % United States
100%
Overall pet ownership 70 % United States
100%
Fish owning countries 17 % China
85%
Cat owning countries 41 % France
84%
Dog owning countries 64 % Mexico
80%
Overall pet ownership 80 % Mexico
80%
Dog owning countries 58 % Brazil
76%
Bird owning countries 11 % Brazil
76%
Overall pet ownership 75 % Brazil
76%
Cat owning countries 57 % Russia
76%
Overall pet ownership 73 % Russia
76%
Bird owning countries 11 % Spain
72%
Dog owning countries 66 % Argentina
57%
Overall pet ownership 80 % Argentina
57%
Fish owning countries 16 % Turkey
30%
Bird owning countries 20 % Turkey
30%
Fish owning countries 15 % Belgium
18%
No matching quizzes found
Score Distribution
Percent of People with Each Score
Percentile by Number Answered
Your Score History
You have not taken this quiz